Jornada panel desarrollo y ecología, realidad de una región

Enregistré dans:
Détails bibliographiques
Format: Livre
Langue:espagnol
Publié: Viña del Mar Universidad Educares 1991
Sujets:
Tags: Ajouter un tag
Pas de tags, Soyez le premier à ajouter un tag!

MARC

LEADER 00000nam a2200000 a 4500
001 UCY4472
003 CL-VaPUC
005 20220315074411.0
008 950314e19910000cl 1 spa d
082 0 4 |a 577  |b JOR  |2 21 
245 1 0 |a Jornada panel desarrollo y ecología, realidad de una región 
260 |a Viña del Mar  |b Universidad Educares  |c 1991 
300 |a 148 p 
583 |a last modification  |c 19950314 00:00:00  |k Rodrigo Vera 
650 0 0 |a Ecología   |9 258124 
650 0 0 |a Congresos  |9 257560 
650 0 0 |a Educación ambiental  |9 262920 
942 |c BK 
945 |a rbrito  |d 19950314 00:00:00 
546 |a En Español 
518 |p Jornada panel desarrollo y ecología, realidad de una región, 1, Viña del mar, 1991 
999 |c 382365  |d 382363 
952 |0 0  |1 0  |4 0  |6 577_000000000000000_JOR_1991  |7 0  |8 P  |9 504015  |a BIBEDU  |b BIBEDU  |c BIBEDU_PB  |d 2020-01-23  |i 3035662  |o 577 JOR 1991  |p 3035662  |r 2024-01-25  |w 2020-01-23  |y BK  |k EDU 
952 |0 0  |1 0  |4 0  |6 577_000000000000000_JOR_1991  |7 0  |8 P  |9 504016  |a BIBEDU  |b BIBEDU  |c BIBEDU_PB  |d 2020-01-23  |i 3347982  |o 577 JOR 1991  |p 3347982  |r 2024-01-25  |w 2020-01-23  |y BK  |k EDU